Statistics for Fiorentina Champions League XIs

Click here to take the quiz!

General Stats

  • This quiz has been taken 75 times
  • The average score is 7 of 26

Answer Stats

Answer% Correct
Gabriel Batistuta
77%
Adrian Mutu
56%
Sebastian Frey
56%
Alberto Gilardino
51%
Riccardo Montolivo
51%
Juan Manuel Vargas
48%
Francesco Toldo
44%
Alessandro Gamberini
43%
Rui Costa
41%
Dario Dainelli
39%
Enrico Chiesa
30%
Angelo Di Livio
21%
Moreno Torricelli
21%
Jörg Heinrich
20%
Tomáš Řepka
20%
Mario Santana
16%
Marco Marchionni
15%
Sandro Cois
15%
Gianluca Comotto
13%
Lorenzo De Silvestri
13%
Predrag Mijatović
13%
Luciano Zauri
11%
Alessandro Pierini
8%
Cristiano Zanetti
8%
Felipe Melo
8%
Zdravko Kuzmanović
8%

Score Distribution

Percentile by Number Answered

Percent of People with Each Score

Your Score History

You have not taken this quiz